|
|
|
|
| LEADER |
00000nam0a2200000 4500 |
| 001 |
343951 |
| 005 |
20231102005619.0 |
| 010 |
|
|
|a 8831767658
|
| 035 |
|
|
|a (RuTPU)RU\TPU\book\374811
|
| 090 |
|
|
|a 343951
|
| 100 |
|
|
|a 20191127d1991 m y0itay50 ba
|
| 101 |
0 |
|
|a rus
|a ita
|
| 102 |
|
|
|a IT
|
| 105 |
|
|
|a y z 000ay
|
| 200 |
1 |
|
|a Il giardino dei ciliegi
|d Вишневый сад
|f A. Cechov
|
| 210 |
|
|
|a Venezia
|c Marsilio
|d 1991
|
| 215 |
|
|
|a 161 p.
|
| 225 |
1 |
|
|a Letteratura universale Marsilio
|
| 300 |
|
|
|a Книга на русском и итальянском языках
|
| 510 |
1 |
|
|a Вишневый сад
|z rus
|
| 606 |
1 |
|
|a Итальянский язык
|x Учебные руководства и пособия для вузов
|2 stltpush
|3 (RuTPU)RU\TPU\subj\75727
|9 87372
|
| 610 |
1 |
|
|a русская литература
|
| 610 |
1 |
|
|a русский язык
|
| 610 |
1 |
|
|a домашнее чтение
|
| 610 |
1 |
|
|a хрестоматии
|
| 610 |
1 |
|
|a лексика
|
| 686 |
|
|
|a Ш147.31-923.8
|v LBC/SL-A
|2 rubbk
|
| 700 |
|
1 |
|a Cechov
|b A.
|g Anton
|
| 801 |
|
1 |
|a RU
|b 63413507
|c 20191127
|
| 801 |
|
2 |
|a RU
|b 63413507
|c 20191223
|g RCR
|
| 942 |
|
|
|c BK
|